2023 News Stories - Name the Country - Statistics

General Stats
  • This quiz has been taken 20,210 times
  • The average score is 12 of 18
Answer Stats
Clue Country % Correct
Passes China to become the most populous country in the world India
99%
Crowns Charles III as king United Kingdom
98%
Suffers over 1,000 deaths from a Hamas terrorist attack Israel
91%
Launches a counteroffensive in an attempt to reclaim territory lost the previous year Ukraine
85%
Allegedly sends spy balloons over U.S. airspace China
84%
Declares its intention to annex most of Guyana Venezuela
78%
Joins NATO Finland
75%
Seizes the enclave of Nagorno-Karabakh, forcing Armenian residents to flee Azerbaijan
71%
Former President Lula da Silva takes office once again Brazil
71%
Brings Neymar to its professional football league with a €150 million yearly salary Saudi Arabia
67%
Wins its sixth Cricket World Cup title Australia
65%
Suffers over 50,000 deaths from a 7.8 earthquake near the city of Gaziantep Turkey
60%
Libertarian candidate Javier Milei is elected President Argentina
59%
Houthi forces launch missiles against ships in the Red Sea Yemen
59%
Geert Wilders' Freedom Party wins the most seats in Parliamentary elections Netherlands
55%
Sees its fertility rate plummet to around 0.7 children per woman, the lowest any country has ever recorded South Korea
47%
Opens a new prison to house 40,000 tattooed gang members arrested en masse the previous year El Salvador
45%
A military junta overthrows the President and demands the withdrawal of French troops Niger
39%
No matching quizzes found
Score Distribution
Percent of People with Each Score
Percentile by Number Answered
Your Score History
You have not taken this quiz